000 00635nam a22001937a 4500
005 20170217145501.0
010 _aENG-117283
020 _a9789385985218
_c595.00
035 _aEN-100815
037 _bDBAD/PUB
082 0 0 _a658.42
100 _aBajpai,G.N.
245 1 0 _athe essential book of corporate governance /
_cby G.N. Bajaj
260 _aNew Delhi
_bSAGE Publications
_c2017
270 _aB1/I-1 Mohan Cooperative Industrial Area, Mathura Road
_bNew Delhi
_e110044
300 _axvii,333p. ;
_c22cm(pbk)
_bill
500 _aIncludes bibliographical references and index
942 _2ddc
_cEN
_h658.42
_mBAJ
999 _c137692
_d137692